Pokemon commençant par la lettre M - Gen 1 à 9 - Statistiques

Statistiques générales
  • Ce quiz a été pris 74 fois
    58 depuis la dernière actualisation
  • Le résultat moyen est 67 sur 107
Statistiques - réponses
Réponse % Correct
Mammochon
94%
Mélo
94%
Mélodelfe
94%
Mélofée
94%
Machoc
87%
Machopeur
87%
Mackogneur
87%
Métalosse
87%
Moustillon
87%
Marcacrin
84%
Meloetta
84%
Mateloutre
81%
Métang
81%
Migalos
81%
Macronium
77%
Manternel
77%
Méganium
77%
Mimigal
77%
Mygavolt
77%
Maganon
74%
Magby
74%
Magireve
74%
Magmar
74%
Manglouton
74%
Marisson
74%
Mew
74%
Mewtwo
74%
Miascarade
74%
Moumouton
74%
Magearna
71%
Matoufeu
71%
Mucuscule
71%
Mystherbe
71%
Mimantis
68%
Morpeko
68%
Moumouflon
68%
Majaspic
65%
Mamanbo
65%
Matourgeon
65%
Medhyéna
65%
Mime Jr
65%
Mimitoss
65%
Minisange
65%
M Mime
65%
Motisma
65%
Muplodocus
65%
Mysdibule
65%
Magnéti
61%
Magneton
61%
Malosse
61%
Maracachi
61%
Méditikka
61%
Mentali
61%
Miaouss
61%
Milobellus
61%
Mimiqui
61%
Miraidon
61%
Momartik
61%
Magnézone
58%
M Glaquette
58%
Miamiasme
58%
Miasmax
58%
Minidraco
58%
Monthracite
58%
Mouscoto
58%
Munja
58%
Mustébouée
58%
Magicarpe
55%
Mandrillon
55%
Massko
55%
Mégapagos
55%
Melmetal
55%
Meltan
55%
Métamorph
55%
Météno
55%
Mistigrix
55%
Muciole
55%
Mustéflott
55%
Makuhita
52%
Malvalame
52%
Mangriff
52%
Maraiste
52%
Marill
52%
Mélancolux
52%
Mélokrik
52%
Mesmérella
52%
Monaflémit
52%
Monorpale
52%
Mordudor
52%
Moufouette
52%
Mascaiman
48%
Mastouffe
48%
Méios
48%
Miradar
48%
Mite-de-fer
48%
Morpheo
48%
Moufflair
48%
Munna
48%
Mushana
48%
Manzai
45%
Motorizard
45%
Marshadow
42%
Maskadra
39%
Minotaupe
39%
Malamandre
35%
Manaphy
35%
Moyade
35%
Aucun quiz correspondant
Distribution des résultats
% des personnes avec chaque résultat
Percentile par nombre de réponses
Votre historique - résultats
Vous n’avez pas pris ce quiz depuis la dernière actualisation